000 00699nam a2200229Ia 4500
003 OSt
005 20220923212501.0
006 a|||||r|||| 00| 0
007 ta
008 220922b |||||||| |||| 00| 0 hin d
024 _a153,413
037 _cTextual
040 _aARTS
_cARTS
_bhin
041 _2hin
_ahin
082 _aO15v:M, 152J0 (TTPH)
100 _aअग्रवाल, हंसराज
245 0 _aसंस्कृत साहित्य का इतिहास
246 _aSanskṛut sāhitya kā itihāsa
260 _c1970
942 _hO15v:M, 152J0 (TTPH)
_cTEXL
_2CC
999 _c309057
_d309057